| 000 | 00517nam a2200181 a 4500 | ||
|---|---|---|---|
| 001 | 000025398 | ||
| 005 | 20200930023748.0 | ||
| 008 | 110215s1980 ve r 000 0 spa d | ||
| 040 |
_aDO-SdBNP _bspa _cBNPHU |
||
| 082 |
_aNNN _bP349h |
||
| 100 | 1 |
_aPeña, Edilio _d1951- _951993 |
|
| 245 | 1 | 0 |
_aLos hermanos / _cEdilio Peña. |
| 260 |
_aCaracas, (Venezuela) : _bFundarte, _c1980. |
||
| 300 |
_a34 p. ; _c21 cm. |
||
| 490 | 1 |
_aCuadernos de Difusión _v50 |
|
| 830 | 0 |
_aCuadernos de Difusión ; _v50 _96694 |
|
| 049 | _aBNGR | ||
| 999 |
_c24890 _d24890 |
||